Normal view
MARC view
- سياسة دولية
Entry Topical Term
001 - CONTROL NUMBER
- control field: 49371
003 - CONTROL NUMBER IDENTIFIER
- control field: JO-AjAnu
005 - DATE AND TIME OF LATEST TRANSACTION
- control field: 20230606082133.0
008 - FIXED-LENGTH DATA ELEMENTS
- fixed length control field: 230606|| aca||aabn | a|a d
040 ## - CATALOGING SOURCE
- Original cataloging agency: JO-AjAnu
- Transcribing agency: JO-AjAnu
150 ## - HEADING--TOPICAL TERM
- Topical term or geographic name entry element: سياسة دولية
670 ## - SOURCE DATA FOUND
- Source citation: Work cat.: (JO-AjAnu)25248: ترجمة عصفور، محمد؛ تقديم الحسن بن طلال ؛ صدرالدين آغاخان ؛ مراجعة محمد عدنان البخيت , author 49370, هل تكسب الإنسانية معركتها ؟ : تقرير الهيئة المستقلة الخاصة بالقضايا الإنسانية في العالم